000 00481nam a2200181Ia 4500
001 18507
005 20260306171635.0
008 260306s9999||||xx |||||||||||||| ||und||
041 _aESP
082 _a658.406
_bP86
100 _aPríncipe Portocarrero, Julio
_eAUT
245 0 _aConstelaciones organizacionales:
_bhistoria de la consultoría sistémica
260 _c2017
300 _a220 páginas :
_c21 cm.
650 _aGEN
654 _aCAN
942 _cLIB
_dJUS
_fJUS
_2ddc
_n
999 _c18507
_d18507